000 00457nam a2200157Ia 4500
008 230917s9999||||xx |||||||||||||| ||und||
040 _e52612
_aMAIN
041 _aEnglish
082 _a342 S88M
100 _aStrong, C F
245 0 _aModern political constitutions: An introduction to the comparative study of their history and existing form
250 _a6th ed.
260 _aLondon
_bSidgwick & Jackson
_c1963
300 _ax, 389 p.
942 _cBK
999 _c181910
_d181910